"With bodilie eyes" : eschatological themes in Puritan literature and gravestone art /

Bibliographic Details
Main Author: Watters, David H.
Format: Book
Language:English
Published: Ann Arbor, Mich. : UMI Research Press, [1981]
Series:Studies in the fine arts. Iconography ; no. 3.
Subjects:

MARC

Tag First Indicator Second Indicator Subfields
LEADER 00000pam a2200000 a 4500
001 in00000091735
005 20150923131807.0
008 810918s1981 miua b 00110 eng
010 |a  81016466  
020 |a 0835712494 
035 |a (OCoLC)07837318 
035 |a AAK7068AM 
040 |a DLC  |c DLC  |d TXA  |d UtOrBLW 
043 |a n-usn-- 
049 |a TXAM  |c [933585] 
050 0 0 |a BT819.5  |b W37 1981 
082 0 |a 236  |2 19 
100 1 |a Watters, David H. 
245 1 0 |a "With bodilie eyes" :  |b eschatological themes in Puritan literature and gravestone art /  |c by David H. Watters. 
264 1 |a Ann Arbor, Mich. :  |b UMI Research Press,  |c [1981] 
264 4 |c ©1981 
300 |a xii, 255 pages :  |b illustrations ;  |c 24 cm. 
336 |a text  |b txt  |2 rdacontent 
337 |a unmediated  |b n  |2 rdamedia 
338 |a volume  |b nc  |2 rdacarrier 
490 1 |a Studies in the fine arts. Iconography ;  |v no. 3 
500 |a Revision of thesis (Ph.D.)--Brown University, 1978. 
500 |a Includes index. 
504 |a Bibliography: pages [237]-247. 
536 |a From the library of Harrison T. Meserole, 2002. 
650 0 |a Eschatology  |x History of doctrines. 
650 0 |a Puritans  |z New England. 
650 0 |a Sepulchral monuments  |z New England. 
830 0 |a Studies in the fine arts.  |p Iconography ;  |v no. 3. 
999 |a MARS 
999 f f |s 72191852-2fcb-3b6f-812e-bb265f1343e4  |i 46ee07a4-15bb-3174-8790-06d43fd11168  |t 0 
952 f f |p ric  |a Texas A&M University  |b Rellis Campus  |c Joint Library Facility  |s JLF  |d Remote Storage  |t 0  |e BT819.5 W37 1981  |h Library of Congress classification  |i unmediated -- volume  |m A14829810916 
998 f f |a BT819.5 W37 1981  |t 0  |l Remote Storage